000 00537nam a2200205Ia 4500
003 GCL
008 140319s9999 xx 000 0 eng d
040 _aGCL /
_cGCL
082 0 4 _a709.0342
_bD A
100 1 _aDENIS, ARIEL
245 1 0 _aL'ART ROMANTIQUE /
_cDENIS, ARIEL
700 1 _aJULIA, ISABELLE
260 _a[S.N] :
_bEDITIONS D'ART LUCIEN MAZENOD ،
_c1996
300 _a143 P
650 0 4 _aARTS
650 0 4 _aDECORATIVE ARTS
650 0 4 _aART - ROMANSQUE
650 0 4 _aART, MODERN - 17TH - 18TH CEN.
942 _2ddc
_cBK
999 _c16394
_d16394